Creación de empresas : guía para su puesta en marcha /
Na minha lista:
| Outros Autores: | |
|---|---|
| Formato: | Livro |
| Idioma: | espanhol |
| Publicado em: |
Jaén, España :
Universidad de Jaén,
2002, c2002
|
| Assuntos: | |
| Tags: |
Sem tags, seja o primeiro a adicionar uma tag!
|
MARC
| LEADER | 00000nam^a2200000^a^4500 | ||
|---|---|---|---|
| 001 | 000182920 | ||
| 005 | 20250521000000.0 | ||
| 009 | 20260310102024.258 | ||
| 020 | |a 84-8439-106-X | ||
| 037 | |a Acervo ITESO - Biblioteca | ||
| 041 | |a ESP | ||
| 082 | |a 658. 11 |b CRE | ||
| 245 | 0 | 0 | |a Creación de empresas : |b guía para su puesta en marcha / |c M. Cámara de la Fuente... [et al.]. |
| 264 | 4 | |a Jaén, España : |b Universidad de Jaén, |c 2002, c2002 | |
| 300 | |a 267 p. | ||
| 336 | |a texto |b txt |2 rdacontenido | ||
| 337 | |a sin mediación |b n |2 rdamedio | ||
| 338 | |a volumen |b nc |2 rdasoporte | ||
| 649 | |a XX | ||
| 650 | |a Empresarios | ||
| 650 | |a Formación de Empresas | ||
| 650 | |a Filosofía Empresarial | ||
| 650 | |a Planeación Estratégica | ||
| 650 | |a Planeación Administrativa | ||
| 650 | |a Administración Financiera | ||
| 650 | |a Administración - |x Estudio y Enseñanza | ||
| 650 | |a Proceso Administrativo - |x Dirección | ||
| 650 | |a Ciencias Administrativas | ||
| 700 | |a Cámara de la Fuente, Macario |e (autor) | ||
| 910 | |a Fondo General | ||
| 920 | |a Impresos - Libros | ||
| 930 | |a Colección General | ||
| 905 | |a 101 | ||
| 901 | |a 0500123180 |b IT1 |c ACC |u 20250521 | ||
| 901 | |a 0500124448 |b IT1 |c ACC |u 20250521 | ||
| 902 | |a https://opac.biblio.iteso.mx/vufind/Record/000182920 | ||